| 000 | 01177nam0a22003131 4500 | ||
|---|---|---|---|
| 001 | RU\INGAK2\INFOCOMM_318\NLR\5000089870 | ||
| 005 | 20250625202426.0 | ||
| 035 | _a(NLR Aleph) 011025343 | ||
| 090 |
_a11086174 _c11086174 |
||
| 100 | _a20121224d1966 |||y0rusy50 ca | ||
| 101 | 1 |
_aspa _crus |
|
| 102 | _aRU | ||
| 105 | _ay z|||| | ||
| 200 | 1 |
_aFisica para todos _fL. Landau, A. Kitaigorodski _gTrad. del ruso por Emiliano Arapicio Bernardo, cand. a dr. en ciencias físico-matemáticas... |
|
| 210 |
_aM. _c"Mir" _d[1966] |
||
| 215 |
_a409 с.; 6 л. портр. _cил., карт., портр. _d21 см |
||
| 300 | _aДоп. тит. л. на рус. яз.: Л. Д. Ландау, А. И. Китайгородский. Физика для всех | ||
| 513 | 1 |
_aФизика для всех _zrus |
|
| 620 | _aМосква | ||
| 686 |
_aФз-0 _2rubbk |
||
| 686 |
_a[В3,0] _2rubbk |
||
| 700 | 1 |
_aLandau _bL. D. _f1908- _gLev Davidovič |
|
| 701 | 1 |
_9z01790 _aKitajgorodskij _bA. I. _gAleksandr Isaakovič |
|
| 790 | 1 |
_9z01701 _aKitaigorodski _bA. _4070 |
|
| 801 | 1 |
_aRU _bInfoComm _c20121224 |
|
| 801 | 0 |
_aRU _bNLR _gPSBO |
|
| 852 |
_aNLR _jФз01 Г-3/399 |
||
| 942 | _cBOOK | ||
| 980 | _aNB | ||